[Event "Let's Play Chess!"]
[Site "http://www.queenalice.com/game.php?id=1867333"]
[Date "2025.12.23"]
[Round "-"]
[White "alterego"]
[Black "alow_proton"]
[Result "0-1"]
[WhiteElo "1487"]
[BlackElo "2127"]

1. d4 d5 2. g3 Nf6 3. Bg2 g6 4. Nf3 Bg7 5. a3 Nc6 6. b4 a6 7. Nc3 O-O 8. O-O Bg4
9. Bf4 b5 10. Ne5 Nxe5 11. Bxe5 Ne8 12. Bxg7 Kxg7 13. Nxd5 Rc8 14. Ne3 Bd7 15.
c3 c6 16. Ng4 Bxg4 17. f3 Be6 18. e4 Bc4 19. Rf2 f6 20. Bh3 e6 21. f4 Nd6 22.
Qg4 Nxe4 23. Rc2 f5 24. Qf3 Bd5 25. Re1 Ng5 26. Qf1 Nf3+ 27. Kf2 Nxe1 28. Qxe1
Qd6 29. Re2 Rce8 30. Re5 Re7 31. Bf1 Kf7 32. Bd3 Ra8 33. Qf1 a5 34. Qh3 Kg7 35.
Qh4 axb4 36. axb4 Ra3 37. Ke3 Rxc3 38. Qg5 Bc4 39. d5 Rxd3+ 40. Kf2 Rxd5 41.
Rxd5 exd5 42. Kg2 Qxb4 43. Kh3 Qe1 0-1

[Event "Let's Play Chess!"]
[Site "http://www.queenalice.com/game.php?id=1867355"]
[Date "2025.12.27"]
[Round "-"]
[White "alterego"]
[Black "Ditto"]
[Result "1-0"]
[WhiteElo "1504"]
[BlackElo "1481"]

1. d4 d5 2. g3 Bf5 3. Nc3 e6 4. Nf3 Bb4 5. a3 Ba5 6. b4 Bb6 7. Bg2 Bg4 8. Bg5
Qd7 9. Ne5 Bxe2 10. Nxe2 f6 11. Nxd7 1-0

[Event "Let's Play Chess!"]
[Site "http://www.queenalice.com/game.php?id=1867357"]
[Date "2025.12.27"]
[Round "-"]
[White "Ditto"]
[Black "alterego"]
[Result "0-1"]
[WhiteElo "1466"]
[BlackElo "1519"]

1. e4 g6 2. Nf3 Bg7 3. d4 a6 4. Bc4 e6 5. O-O Ne7 6. c3 b5 7. Bb3 Bb7 8. e5 O-O
9. Ng5 Nbc6 10. Be3 Nf5 11. Bd2 Na5 0-1

[Event "Escacs 211"]
[Site "http://www.queenalice.com/game.php?id=1867508"]
[Date "2026.1.2"]
[Round "-"]
[White "alterego"]
[Black "SeveroChess18"]
[Result "0-1"]
[WhiteElo "1472"]
[BlackElo "1577"]

1. d4 Nf6 2. g3 g6 3. Bg2 Bg7 4. Nf3 O-O 5. O-O c6 6. Na3 d6 7. Nc4 Nbd7 8. c3
Re8 9. Bf4 Nh5 10. Bg5 h6 11. Bh4 g5 12. Nxg5 hxg5 13. Bxg5 d5 14. Nd2 Nhf6 15.
Nf3 Ne4 16. Bf4 Ndf6 17. Ng5 Nxg5 18. Bxg5 Bf5 19. e4 Nxe4 20. Bf4 a5 21. Qh5
Bg6 22. Qg4 Qc8 23. Qe2 a4 24. a3 Ra6 25. f3 Nf6 26. Be5 Qf5 27. Rf2 Qd3 28.
Qxd3 Bxd3 29. Rd1 Bg6 30. Bh3 Nh7 31. Bxg7 Kxg7 32. Bd7 Rd8 33. Bg4 Nf6 34. Bh3
e6 35. Re1 Nd7 36. f4 Nb6 37. Bf1 Nc4 38. f5 Bxf5 39. Rf4 Rb6 40. Re2 Rxb2 41.
Rh4 Rxe2 42. Bxe2 Nxa3 43. Bd1 Ra8 44. Rh5 Nb5 45. Rg5+ Kf6 46. h4 Nxc3 47. Bf3
a3 0-1

[Event "Escacs 212"]
[Site "http://www.queenalice.com/game.php?id=1867509"]
[Date "2026.1.2"]
[Round "-"]
[White "SeveroChess18"]
[Black "alterego"]
[Result "1-0"]
[WhiteElo "1541"]
[BlackElo "1510"]

1. Nf3 g6 2. g3 Bg7 3. Bg2 Nf6 4. O-O d5 5. d3 O-O 6. c3 c5 7. Nbd2 Bg4 8. h3
Bf5 9. Re1 b5 10. e4 dxe4 11. dxe4 Nxe4 12. Ng5 Nc6 13. Ngxe4 c4 14. Nf1 Qb6 15.
Ne3 Rad8 16. Qe2 Ne5 17. Nxf5 Nd3 18. Nxe7+ Kh8 19. Rd1 Nxc1 20. Raxc1 Bh6 21.
Rxd8 Qxd8 22. Nc6 Qb6 23. Nd2 Kg7 24. Rd1 Qa6 25. a3 Qb6 26. Qe5+ f6 27. Qe7+
Rf7 28. Qd6 a6 29. Nf1 Qb7 30. Nd8 1-0

[Event "Let's Play Chess!"]
[Site "http://www.queenalice.com/game.php?id=1867668"]
[Date "2026.1.7"]
[Round "-"]
[White "ruifigueira"]
[Black "alterego"]
[Result "0-1"]
[WhiteElo "1654"]
[BlackElo "1531"]

1. e4 g6 2. Nf3 Bg7 3. c3 a6 4. d4 b5 5. Bd3 e6 6. O-O Ne7 7. b4 Bb7 8. Bf4 O-O
9. h4 f5 10. e5 Nd5 11. Bg5 Nf6 12. exf6 Bxf6 13. Bh6 Re8 14. Nbd2 Nc6 0-1

[Event "Escacs 213"]
[Site "http://www.queenalice.com/game.php?id=1867922"]
[Date "2026.1.14"]
[Round "-"]
[White "alterego"]
[Black "WoodpusherKid"]
[Result "0-1"]
[WhiteElo "1474"]
[BlackElo "2646"]

1. d4 d5 2. g3 c6 3. Bg2 g6 4. Nf3 Bg7 5. O-O Nf6 6. a3 O-O 7. b4 Ne4 8. Nfd2
Bxd4 9. c3 Bxc3 10. Nxc3 Nxc3 11. Qe1 a5 12. Bb2 axb4 13. axb4 Rxa1 14. Bxa1 Nb5
15. Nf3 Na6 16. Nd4 Nac7 17. Qd2 Qd6 18. Nxb5 Nxb5 19. Qb2 f6 20. Rd1 Be6 21. f4
Ra8 22. e4 Ra4 23. e5 fxe5 24. Qc2 Qxb4 25. Bxe5 Bf5 26. Qf2 Nc3 27. Rd4 Ra1+
28. Bf1 Qb1 29. Rd2 Bh3 30. Bxc3 Qxf1+ 31. Qxf1 Rxf1# 0-1

[Event "Escacs 214"]
[Site "http://www.queenalice.com/game.php?id=1867923"]
[Date "2026.1.14"]
[Round "-"]
[White "WoodpusherKid"]
[Black "alterego"]
[Result "1-0"]
[WhiteElo "2644"]
[BlackElo "1476"]

1. g3 g6 2. Nf3 Bg7 3. d4 e6 4. e4 a6 5. Bg2 Ne7 6. O-O b5 7. Nbd2 Bb7 8. Re1
O-O 9. Nb3 Nbc6 10. Be3 d5 11. e5 Nf5 12. Bg5 f6 13. exf6 Bxf6 14. Rxe6 Bc8 15.
Rxf6 Rxf6 16. Ne5 Qd6 17. Bxf6 Qxf6 18. Bxd5+ Kg7 19. Bxc6 Ra7 20. Nc5 Ne7 21.
Qf3 Nf5 22. c3 Qg5 23. h4 Nxh4 24. Qf7+ Kh6 25. Qf8+ Kh5 26. Qxc8 a5 27. g4+ 1-0

[Event "Let's Play Chess!"]
[Site "http://www.queenalice.com/game.php?id=1867944"]
[Date "2026.1.15"]
[Round "-"]
[White "alterego"]
[Black "alow_proton"]
[Result "0-1"]
[WhiteElo "1495"]
[BlackElo "2080"]

1. d4 d5 2. c4 c6 3. c5 b6 4. g3 Nf6 5. Bg2 bxc5 6. Nf3 cxd4 7. Nxd4 e5 8. Nf3
Bd6 9. Bg5 h6 10. Be3 Qa5+ 11. Bd2 Qc7 12. b4 O-O 13. a3 Bg4 14. O-O Qd7 15. Bc3
d4 16. Nxe5 Bxe5 17. e4 Bxd1 18. Rxd1 Qc7 19. Bb2 Rd8 20. Rd3 Qb6 21. Nd2 a5 22.
Nc4 Qb5 23. Nxe5 Qxe5 24. Rc1 axb4 25. axb4 Ra2 26. Rc5 Qe6 27. Bxd4 Na6 28. Re5
Qc4 29. Rc3 Qxd4 0-1

[Event "Let's Play Chess!"]
[Site "http://www.queenalice.com/game.php?id=1867962"]
[Date "2026.1.15"]
[Round "-"]
[White "alow_proton"]
[Black "alterego"]
[Result "0-1"]
[WhiteElo "2128"]
[BlackElo "1452"]

1. e4 g6 2. Nf3 Bg7 3. d4 a6 4. Nc3 b5 5. a3 e6 6. e5 Bb7 7. Bg5 Ne7 8. Bd3 O-O
9. O-O f6 10. exf6 Bxf6 11. Bxf6 Rxf6 12. Ne5 d6 13. Ng4 Rf4 14. Be2 Nbc6 15. d5
Na5 16. dxe6 c5 17. g3 Rd4 18. Qe1 Qb6 19. f3 c4 20. Qf2 Rf8 21. Nh6+ Kg7 22.
Nf7 Nac6 23. Rad1 d5 24. Qe3 Nf5 25. Qf2 Bc8 26. g4 Nfe7 27. Qe3 Bxe6 28. Ng5
Bc8 29. Kg2 Qc7 30. Ne6+ Bxe6 31. Qxe6 Rdf4 32. Nxd5 Nxd5 33. Rxd5 R4f6 34. Rd7+
R8f7 35. Rxc7 Rxe6 36. Rxf7+ Kxf7 37. h4 Rxe2+ 38. Rf2 Re3 39. Rd2 Ne5 40. Rf2
h5 41. g5 a5 42. Kg3 Ng4 43. Rd2 Ne5 44. Rf2 Ke6 45. Kf4 Re1 46. Rd2 Rf1 47. Re2
Rxf3+ 48. Ke4 Rh3 49. Kd4 Rxh4+ 50. Kc5 Kf5 51. Kxb5 c3 52. b3 a4 53. bxa4 Nc4
54. a5 Nxa3+ 55. Kb6 Nc4+ 56. Kb5 Kxg5 57. a6 Nd6+ 58. Kc5 Nc8 59. Re8 Na7 60.
Ra8 Rh2 61. Rxa7 Rxc2 62. Rb7 Ra2 63. Kb6 c2 64. Rc7 h4 65. a7 h3 66. Kb7 h2 67.
a8=Q Rxa8 0-1

[Event "Escacs 215"]
[Site "http://www.queenalice.com/game.php?id=1867966"]
[Date "2026.1.15"]
[Round "-"]
[White "alterego"]
[Black "digger"]
[Result "0-1"]
[WhiteElo "1493"]
[BlackElo "1681"]

1. d4 d5 2. c4 dxc4 3. Nc3 Bf5 4. g3 Qd6 5. Nb5 Qb4+ 6. Nc3 Nf6 7. a3 Qd6 8. Nb5
Qb6 9. Qa4 Bd7 10. Qxc4 c6 11. Nc3 Be6 12. Qd3 Nd5 13. Na4 Qa5+ 14. Nc3 Qb6 15.
Bd2 Qxb2 16. Rb1 Qxa3 17. Bc1 Qxc3+ 18. Qxc3 Nxc3 19. Rxb7 Nb5 20. Bg2 Bc8 21.
Bxc6+ Nxc6 22. Rxb5 Nxd4 23. Rd5 Nc2+ 24. Kf1 Bb7 25. Nf3 Bxd5 26. Kg2 Nd4 27.
Kh3 Nxe2 28. Bb2 Bxf3 29. Rb1 Be4 30. Re1 Bf3 31. Ra1 f6 32. Ra3 Bd5 33. Re3 Bc4
0-1

[Event "Escacs 216"]
[Site "http://www.queenalice.com/game.php?id=1868091"]
[Date "2026.1.16"]
[Round "-"]
[White "digger"]
[Black "alterego"]
[Result "1-0"]
[WhiteElo "1662"]
[BlackElo "1485"]

1. d3 g6 2. e4 Bg7 3. c3 a6 4. d4 b5 5. Bd3 Bb7 6. Nf3 e6 7. O-O Ne7 8. Bf4 O-O
9. Nbd2 d5 10. Re1 Nd7 11. exd5 Nxd5 12. Bg3 c5 13. Bd6 Ne7 14. Bxe7 Qxe7 15.
Ne4 cxd4 16. cxd4 Rac8 17. Rc1 Rxc1 18. Qxc1 f5 19. Ng3 Bf6 20. Re2 e5 21. Qe1
Qe6 22. Nd2 e4 23. Nb3 Re8 24. Na5 Bxd4 25. Nxb7 Ne5 26. Bc2 Ng4 27. Bxe4 fxe4
28. Nxe4 Be5 29. Nec5 Nxh2 30. Nxe6 Rxe6 31. Rxe5 Rxe5 32. Qxe5 Ng4 33. Qe6+ 1-0

[Event "Escacs 217"]
[Site "http://www.queenalice.com/game.php?id=1868535"]
[Date "2026.1.27"]
[Round "-"]
[White "alterego"]
[Black "digger"]
[Result "1-0"]
[WhiteElo "1552"]
[BlackElo "1685"]

1. d4 d5 2. c4 dxc4 3. Nc3 a6 4. g3 Be6 5. Bg2 c6 6. Nf3 Nf6 7. O-O Qd7 8. Ne5
Qc7 9. Bf4 Qc8 10. Qa4 Bd7 11. Nxd7 Nbxd7 12. Qxc4 e6 13. e4 h6 14. Bf3 g6 15.
e5 g5 16. Be3 Ng8 17. Bh5 Nb6 18. Qb3 Qc7 19. Qxe6+ Qe7 20. Bxf7+ Kd8 21. Qxe7+
Bxe7 22. Bh5 Rc8 23. Bg4 Rc7 24. Rad1 h5 25. Be6 g4 26. d5 c5 27. d6 Rc6 28.
dxe7+ Kxe7 29. Bf5 Rc7 30. Nd5+ Kd8 31. Bg5+ Ne7 32. Nxb6+ Ke8 33. Na8 Rc6 34.
Rd7 Nxf5 35. Rd8+ Kf7 36. Rxh8 Kg6 37. f4 Re6 38. Nc7 Rc6 39. Nd5 c4 40. Nf6 c3
41. bxc3 Rxc3 42. Rxh5 Ng7 43. Rh6+ Kf7 44. Nxg4 a5 45. Rd1 Nf5 46. Rd7+ Ke8 47.
Nf6+ Kf8 48. Rh8# 1-0

[Event "Escacs 218"]
[Site "http://www.queenalice.com/game.php?id=1868536"]
[Date "2026.1.27"]
[Round "-"]
[White "digger"]
[Black "alterego"]
[Result "0-1"]
[WhiteElo "1664"]
[BlackElo "1573"]

1. e4 c5 2. Bc4 e6 3. Nf3 g6 4. O-O Bg7 5. Na3 Ne7 6. c3 a6 7. d3 b5 8. Bb3 O-O
9. Bc2 Bb7 10. Bb3 d5 11. e5 b4 12. cxb4 cxb4 13. Nc2 a5 14. a3 Nec6 15. Bg5 f6
16. exf6 Bxf6 17. Qd2 Nd7 18. Rab1 Nde5 19. Bxf6 Qxf6 20. Rfe1 Nxf3+ 21. gxf3
Ne5 22. Qe2 Nxf3+ 23. Kf1 Nxh2+ 24. Kg2 Qh4 25. Qxe6+ Kh8 26. Qe5+ Rf6 27. Qg3
d4+ 28. Kg1 Nf3+ 29. Kf1 Nh2+ 30. Ke2 Qh5+ 31. Kd2 Ng4 32. Re2 Qg5+ 33. Kd1
Nxf2+ 34. Qxf2 Rxf2 35. Rxf2 Qg1+ 36. Ne1 Qxf2 37. a4 Re8 38. Nc2 Bf3+ 39. Kc1
Qf1+ 40. Kd2 Qxb1 41. Nxd4 Qxb2+ 42. Bc2 Qc3+ 43. Kc1 Qxd4 44. Kd2 Qf2+ 45. Kc1
Re1+ 46. Kb2 Qd4+ 47. Ka2 Bd5+ 48. Bb3 Qa1# 0-1

[Event "Let's Play Chess!"]
[Site "http://www.queenalice.com/game.php?id=1868833"]
[Date "2026.2.5"]
[Round "-"]
[White "alterego"]
[Black "alow_proton"]
[Result "0-1"]
[WhiteElo "1506"]
[BlackElo "2086"]

1. d4 d5 2. c4 c6 3. c5 b6 4. b4 Nf6 5. Nf3 Ba6 6. a4 e6 7. g3 Be7 8. Bg2 bxc5
9. bxc5 O-O 10. O-O Ne4 11. Nbd2 Nc3 12. Qe1 Nxe2+ 13. Kh1 Nxc1 14. Rg1 Nd3 15.
Qe3 Nd7 16. Nb3 Rb8 17. Na5 Qxa5 18. Bf1 Nb4 19. Bh3 Nc2 20. Qd2 Qxd2 21. Nxd2
Nxd4 22. Rad1 Bxc5 0-1

[Event "Let's Play Chess!"]
[Site "http://www.queenalice.com/game.php?id=1868868"]
[Date "2026.2.5"]
[Round "-"]
[White "alow_proton"]
[Black "alterego"]
[Result "1-0"]
[WhiteElo "2100"]
[BlackElo "1533"]

1. e4 g6 2. d4 e6 3. Nf3 Bg7 4. Bc4 Ne7 5. Bg5 O-O 6. Bb3 a6 7. Qd2 b5 8. c4 c6
9. a4 d5 10. cxd5 cxd5 11. e5 f6 12. Bh6 fxe5 13. Bxg7 Kxg7 14. Nxe5 Nbc6 15.
O-O Nf5 16. Nxc6 Qb6 17. Rc1 Bd7 18. axb5 Rac8 19. Na3 axb5 20. Ne5 Rxc1+ 21.
Rxc1 Qd6 22. Nxd7 Qxd7 23. Bd1 Nd6 24. f3 Nf5 25. Be2 Qd6 26. Nxb5 Qb6 27. Kf1
Ra8 28. g4 Nh4 29. Kf2 h6 30. Rc7+ Kf8 31. Qxh6+ Ke8 32. Qh8# 1-0

[Event "Let's Play Chess!"]
[Site "http://www.queenalice.com/game.php?id=1869380"]
[Date "2026.2.18"]
[Round "-"]
[White "Carlos19"]
[Black "alterego"]
[Result "0-1"]
[WhiteElo "1815"]
[BlackElo "1593"]

1. e4 g6 2. Bc4 e6 3. Nf3 Ne7 4. d3 a6 5. Nc3 b5 6. Bb3 c5 7. a4 b4 8. Ne2 a5 9.
d4 Ba6 10. Nd2 Bg7 11. dxc5 Nbc6 12. Bc4 Bb7 13. Nb3 Ne5 14. Bd3 Nxd3+ 15. cxd3
O-O 16. O-O Nc6 17. d4 d5 18. e5 f6 19. f4 fxe5 20. fxe5 Ba6 21. Rxf8+ Qxf8 22.
Nf4 Qe7 23. g4 Rf8 24. h3 Qh4 25. Kh2 Bc4 26. Be3 Kh8 27. Nd2 Ba6 28. Nxe6 Rf7
29. Nxg7 Kxg7 30. Nf3 Qe7 31. Ng5 Rf8 32. Nf3 Rf7 33. Bg5 Qf8 34. e6 Rxf3 35. e7
Nxe7 36. Bxe7 Rf2+ 37. Kg3 Qf4+ 38. Kh4 Qh6+ 39. Kg3 Qe3+ 40. Kh4 Qxe7+ 41. Kg3
Qe3+ 42. Kh4 Rh2 43. Qh1 Qf2+ 44. Kg5 h6# 0-1

[Event "Let's Play 903"]
[Site "http://www.queenalice.com/game.php?id=1869480"]
[Date "2026.2.21"]
[Round "-"]
[White "alterego"]
[Black "digger"]
[Result "0-1"]
[WhiteElo "1657"]
[BlackElo "1610"]

1. d4 d5 2. c4 dxc4 3. Qa4+ Nc6 4. Qxc4 Qxd4 5. Qxd4 Nxd4 6. Bf4 Nc2+ 7. Kd1
Nxa1 8. Nd2 f6 9. Ngf3 Be6 10. b3 O-O-O 11. e4 g5 12. Be3 Bh6 13. Bxa7 g4 14.
Nd4 Rxd4 15. Bxd4 Bxd2 16. Kxd2 h5 17. Bxa1 Nh6 18. Bd3 Rd8 19. Ke3 f5 20. exf5
Bxf5 21. Be2 Be6 22. Rc1 Nf5+ 23. Kf4 Rg8 24. Be5 Nh6 25. Rxc7+ Kd8 26. Rxb7
Rf8+ 27. Kg5 Nf7+ 28. Kf4 Nd6+ 29. Kg5 Nxb7 0-1

[Event "Let's Play 904"]
[Site "http://www.queenalice.com/game.php?id=1869481"]
[Date "2026.2.21"]
[Round "-"]
[White "digger"]
[Black "alterego"]
[Result "0-1"]
[WhiteElo "1644"]
[BlackElo "1630"]

1. d3 g6 2. c3 Bg7 3. e4 e6 4. Nf3 Ne7 5. Be2 a6 6. d4 b5 7. b4 Bb7 8. e5 O-O 9.
O-O d6 10. Qd2 Nd7 11. Qc2 f5 12. Ng5 Nd5 13. Nxe6 Qe7 14. Nxf8 Rxf8 15. Re1 Nf4
16. Bf3 Bxf3 17. gxf3 Nh3+ 18. Kf1 Qh4 19. Be3 dxe5 20. Kg2 f4 21. Bc1 Ng5 22.
d5 Qh3+ 23. Kh1 Nxf3 24. Bxf4 Rxf4 25. Nd2 Qxh2# 0-1

[Event "Escacs 221"]
[Site "http://www.queenalice.com/game.php?id=1869538"]
[Date "2026.2.21"]
[Round "-"]
[White "alterego"]
[Black "Ruusgugg"]
[Result "1-0"]
[WhiteElo "1647"]
[BlackElo "1490"]

1. d4 f5 2. g3 g5 3. Bg2 Nf6 4. Nf3 h6 5. c4 g4 6. Ne5 Rh7 7. b4 d6 8. Ng6 Bg7
9. O-O a5 10. b5 c6 11. bxc6 bxc6 12. Nc3 Nbd7 13. Bxc6 Ra6 14. Ba4 Bb7 15. d5
Rb6 16. Be3 Rb4 17. c5 Qc8 18. c6 Ba8 19. cxd7+ Nxd7 20. a3 Rc4 21. Qd3 Bxc3 22.
Rab1 Rxa4 23. Qxf5 h5 24. Nh4 Rf7 25. Qxh5 Qb7 26. Rxb7 Bxb7 27. Rb1 Ba6 28. Nf5
Nf6 29. Ng7+ Kd8 30. Qxf7 Bxe2 31. Qf8+ Ne8 32. Qxe8+ 1-0

[Event "Let's Play 898"]
[Site "http://www.queenalice.com/game.php?id=1870134"]
[Date "2026.3.6"]
[Round "-"]
[White "alterego"]
[Black "digger"]
[Result "0-1"]
[WhiteElo "1637"]
[BlackElo "1626"]

1. d4 d5 2. c4 e6 3. c5 Nc6 4. g3 Nf6 5. Bg2 Be7 6. Nf3 O-O 7. a3 b6 8. b4 bxc5
9. dxc5 Ne4 10. O-O h6 11. Nbd2 Nc3 12. Qe1 Bf6 13. Bb2 Ba6 14. Nb3 Nxe2+ 15.
Kh1 Bxb2 16. Ra2 Bc3 17. Qd1 e5 18. Nc1 Nxc1 19. Qxc1 Bxf1 20. Bxf1 d4 21. Bc4
Qf6 22. Re2 Rfe8 23. Qc2 Qxf3+ 24. Kg1 g6 25. Bd3 Rab8 26. Qb3 Qxd3 27. Kf1 Qf3
0-1